000 00649nam a22001217a 4500
040 _cRUA
082 _aLMA SUM 202 B1-398 Or.1
100 _aស៊ុំ​ ដាវីន SUM DAVIN
245 _aសិក្សាអំពីបម្រែបម្រួលនគរូបនីយកម្មឆ្នាំ២០១៤ដល់ឆ្នាំ២០២៤ នៅឃុំសណ្តារ ស្រុកលើកដែក ខេត្តកណ្តាល STUDY ON THE CHANGE OF URBANIZATION FROM 214 TO 2024 IN SANDAR COMMUNE, LEUKDAEK DISTRICT, KANDAL PROVINCE
260 _aRUA
_bPHNOM PENH
_c2024
300 _ax
_bill
_c29cm
942 _cLMA
999 _c24902
_d24902